[Event "18th IRI-chT Super League 2019"]
[Site "Tehran"]
[Date "2019.11.26"]
[Round "6.9"]
[White "Daghli, Arash"]
[Black "Majidi Shadan, Ali"]
[Result "1/2-1/2"]
[WhiteElo "2414"]
[BlackElo "1987"]
[Annotator "TA"]
[PlyCount "137"]
[EventDate "2019.11.23"]
[EventType "team-tourn"]
[EventCountry "IRI"]
[SourceTitle "playchess.com"]
[Source "ChessBase"]
[SourceQuality "1"]

{[%evp 14,136,49,33,67,71,85,67,66,61,67,60,70,66,77,56,115,83,95,52,52,36,61,0,0,-7,-4,-6,0,-6,-7,0,-15,-14,-20,-42,-44,-21,-49,-67,-82,-89,-64,-59,-83,-77,-48,-74,-88,-86,-9,-14,-14,-12,0,0,-8,-10,0,-20,0,0,0,0,0,0,8,0,8,8,8,0,0,0,0,0,0,0,0,0,0,0,0,0,0,0,0,0,0,0,8,8,8,8,143,143,109,8,8,0,0,0,0,0,0,0,0,0,0,0,0,0,0,0,0,0,29986,0,0,0,0,0,0,0,0]} 1. d4 Nf6 2. c4 g6 3. Nc3 Bg7 4. e4 d6 5. Be2 O-O 6. Be3 e5 7. d5 Nbd7 8. Nf3 h6 {E93: King's Indian: Classical: Petrosian System with 7...Nbd7} (8... Ng4 9. Bg5 f6 10. Bh4 a5 11. Nd2 Nh6 12. f3 Nf7 13. Qc2 Nc5 14. O-O Bh6 15. Kh1 Bd7 16. b3 Kg7 17. Rab1 Na6 18. a3 c5 19. dxc6 bxc6 {½-½ (31) Giri,A (2780)-Rapport,R (2725) Douglas 2018}) 9. Nd2 Nh7 10. O-O f5 {White is slightly better.} 11. f3 f4 12. Bf2 g5 $146 ({Predecessor:} 12... Rf6 13. b4 Bf8 14. Kh1 h5 15. Nb3 g5 16. c5 {0-1 (35) Skakun,V (1937)-Bodnaruk,A (2419) Moscow 2012}) 13. b4 Rf7 14. c5 a6 (14... Ndf6 $14) 15. Nc4 Bf8 16. c6 Ndf6 $1 17. cxb7 $1 Bxb7 18. Na5 (18. g4 $14) 18... Bc8 $1 $11 19. Kh1 Rg7 20. Nc6 Qe8 21. g4 fxg3 $1 22. Bxg3 (22. hxg3 $2 Qh5+ 23. Kg1 g4 $19) 22... Nh5 23. Rg1 Nxg3+ 24. hxg3 g4 25. fxg4 Nf6 {[%cal Rf6g4]} 26. Rg2 Nxg4 27. Qd3 Be7 28. Nxe7+ Qxe7 29. Rf1 Bd7 30. Bxg4 Bxg4 31. Rh2 Qg5 (31... Rf8 $17 {Hoping for ...Rxf1+.} 32. Rhf2 (32. Rxh6 $2 Rxf1+ 33. Qxf1 Qg5 $17) 32... Rxf2 33. Rxf2 h5) 32. Qd2 $1 Qxd2 33. Rxd2 Rf8 (33... Rb8 {is interesting.} 34. a3 a5 35. bxa5 Ra8 36. a4 Rxa5 37. Rb2 Rc5) 34. Rxf8+ Kxf8 {[%mdl 4096] Endgame KRB-KRN} 35. Kg2 Rf7 36. Rd3 Bd7 (36... Ke8 {is more complex.} 37. Nb1 Be2 38. Re3 Bf1+ 39. Kg1 Bb5) 37. Rf3 Rxf3 38. Kxf3 {KB-KN} Ke7 39. a4 Ke8 40. a5 Kd8 41. g4 c5 42. bxc5 dxc5 43. Nd1 c4 44. Ne3 c3 45. Ke2 {[#] And now Kd3 would win.} Bb5+ 46. Kd1 {Kc2 is the strong threat.} Bd3 47. Nf5 Bxe4 48. Nxh6 Bxd5 49. Kc2 Ke7 50. g5 Kd6 51. Kxc3 Kc5 52. Ng4 Kd6 53. g6 {With the idea Kd3.} Ke6 {[#]} (53... Ke7 $11) 54. g7 $1 $16 {[%cal Rg7g8]} Kd6 55. Ne3 (55. Nf2 $16) 55... Be6 $11 56. Kd3 Ke7 57. Ke4 Kf6 58. Nd5+ (58. Nd1 {with more complications.} Kxg7 59. Kxe5 Kf7 60. Kd6 Bc4 61. Kc5) 58... Bxd5+ 59. Kxd5 Kxg7 {( -> ...Kf6)} 60. Kxe5 {KP-KP} Kf7 61. Kd6 Kf6 62. Kc6 {Threatening mate with Kb6.} Ke6 63. Kb6 Kd6 64. Kxa6 {Intending Kb6 and mate.} Kc6 65. Ka7 Kc7 {The position is equal.} 66. a6 {[%cal Ba5a6,Ba6a7][%mdl 32]} Kc8 67. Kb6 {White threatens a7 and mate.} Kb8 68. a7+ Ka8 69. Ka6 {Accuracy: White = 65%, Black = 59%.} 1/2-1/2

[Event "18th IRI-chT Super League 2019"]
[Site "Tehran"]
[Date "2019.11.26"]
[Round "6.10"]
[White "Sebt Rasoul, Seyede Setare"]
[Black "Asgharzadeh, Mitra"]
[Result "1/2-1/2"]
[WhiteElo "2068"]
[BlackElo "2193"]
[Annotator "RC"]
[PlyCount "89"]
[EventDate "2019.11.23"]
[EventType "team-tourn"]
[EventCountry "IRI"]
[SourceTitle "playchess.com"]
[Source "ChessBase"]
[SourceQuality "1"]
[TimeControl "5400+30"]

1. e4 c5 2. Nf3 d6 3. d4 cxd4 4. Nxd4 Nf6 5. Nc3 g6 6. Be3 Bg7 7. f3 O-O 8. Qd2 Nc6 9. g4 Nxd4 10. Bxd4 Be6 11. h4 Qa5 12. h5 Rfc8 13. a3 a6 14. Rh2 b5 15. h6 Bh8 16. g5 Ne8 17. Bxh8 Kxh8 18. f4 {[%emt 0:07:56]} Rab8 {[%emt 0:39:02]} 19. Re2 {[%emt 0:02:46]} Bc4 {[%emt 0:11:35]} 20. Re3 {[%emt 0:01:49]} Bxf1 {[%emt 0:02:33]} 21. Kxf1 {[%emt 0:00:02]} b4 {[%emt 0:00:18]} 22. Nd5 {[%emt 0:08:14]} Qb5+ {[%emt 0:03:20]} 23. Kg1 {[%emt 0:14:03]} bxa3 {[%emt 0:04:55]} 24. bxa3 {[%emt 0:08:05]} Qd7 {[%emt 0:10:33]} 25. Kh1 {[%emt 0:13:54]} Qa4 {[%emt 0:05:00]} 26. Rc1 {[%emt 0:06:43]} e6 {[%emt 0:05:07]} 27. Nb4 {[%emt 0:08:51]} Rc4 {[%emt 0:01:48]} 28. Qd3 {[%emt 0:09:59]} Rbc8 {[%emt 0:01:05]} 29. Re2 {[%emt 0:00:51]} a5 {[%emt 0:01:04]} 30. Na2 {[%emt 0:00:02]} Rd4 {[%emt 0:03:01]} 31. Qe3 {[%emt 0:06:09]} Rcc4 {[%emt 0:00:56]} 32. Qf3 {[%emt 0:03:55]} Qc6 {[%emt 0:01:34]} 33. Rce1 {[%emt 0:04:12]} Rxc2 {[%emt 0:01:36]} 34. Rxc2 {[%emt 0:02:25]} Qxc2 {[%emt 0:00:02]} 35. Qc3 {[%emt 0:04:57]} Qxc3 {[%emt 0:00:42]} 36. Nxc3 {[%emt 0:00:01]} Kg8 {[%emt 0:02:47]} 37. Rb1 {[%emt 0:00:13]} Kf8 {[%emt 0:03:05]} 38. Rb8 {[%emt 0:00:05]} Rc4 {[%emt 0:06:35]} 39. Nb5 {[%emt 0:00:01]} Rc6 {[%emt 0:00:37]} 40. e5 {[%emt 0:01:46]} dxe5 {[%emt 0:00:27]} 41. fxe5 {[%emt 0:00:02]} Ke7 {[%emt 0:00:39]} 42. Rb7+ {[%emt 0:00:06]} Kf8 {[%emt 0:00:44]} 43. Rb8 {[%emt 0:00:04]} Ke7 {[%emt 0:00:20]} 44. Rb7+ {[%emt 0:00:01]} Kf8 {[%emt 0:00:14]} 45. Rb8 {[%emt 0:00:09]} 1/2-1/2

[Event "18th IRI-chT Super League 2019"]
[Site "Tehran"]
[Date "2019.11.27"]
[Round "7.1"]
[White "Idani, Pouya"]
[Black "Ghesmati, Aryan"]
[Result "1-0"]
[WhiteElo "2570"]
[BlackElo "1986"]
[Annotator "TA"]
[PlyCount "53"]
[EventDate "2019.11.23"]
[EventType "team-tourn"]
[EventCountry "IRI"]
[SourceTitle "playchess.com"]
[Source "ChessBase"]
[SourceQuality "1"]

{[%evp 18,53,0,2,34,27,67,54,72,63,100,101,93,85,97,95,107,94,94,107,122,108,115,116,260,264,606,572,1093,1061,1589,1609,1980,1477,29994,29995,29995,29991]} 1. e4 c5 2. Nf3 Nc6 3. Bb5 g6 4. O-O Bg7 5. c3 Nf6 6. Re1 O-O 7. h3 a6 8. Bxc6 dxc6 9. d4 cxd4 10. cxd4 Nd7 {B31: Sicilian: 2...Nc6 3 Bb5 g6} (10... c5 $5) 11. Nc3 b6 $146 ({Predecessor:} 11... e5 12. d5 cxd5 13. exd5 b5 14. Bg5 f6 15. Be3 Nb6 16. Qb3 Kh8 17. Rad1 Nc4 18. Bc5 {1-0 (67) Istratescu,A (2670)-Prunescu,C (2270) Geneve 2014}) 12. Bf4 Re8 {White is slightly better.} 13. Qe2 e5 14. dxe5 Nxe5 15. Nxe5 Bxe5 16. Bxe5 Rxe5 17. f4 Re8 18. Rad1 Qe7 19. Qf2 Qa7 20. Rd6 Qc7 (20... b5 $16) 21. e5 $18 Re6 $2 (21... Kg7 22. Rc1 (22. Qh4 Qe7 $16) 22... Qa7) 22. Ne4 Kg7 23. Qh4 h6 {[#]} 24. f5 $1 {[%mdl 512]} gxf5 {[#]} 25. Nf6 $1 {[%mdl 512] Intending Qg3+ and mate.} Kf8 26. Qxh6+ Ke7 27. Qg5 {Accuracy: White = 89%, Black =  9%.} 1-0

[Event "18th IRI-chT Super League 2019"]
[Site "Tehran"]
[Date "2019.11.27"]
[Round "7.2"]
[White "Mohammadi, Reza"]
[Black "Mosadeghpour, Masoud"]
[Result "0-1"]
[WhiteElo "1978"]
[BlackElo "2500"]
[Annotator "TA"]
[PlyCount "98"]
[EventDate "2019.11.23"]
[EventType "team-tourn"]
[EventCountry "IRI"]
[SourceTitle "playchess.com"]
[Source "ChessBase"]
[SourceQuality "1"]

{[%evp 17,98,35,52,22,22,16,49,4,4,0,0,0,0,0,0,0,0,-36,-25,-34,-32,-16,-32,-47,-60,-51,-69,-35,0,0,23,-1,0,-23,-23,-20,-24,-127,-96,-133,-59,-75,-41,-66,-58,-124,-124,-123,-123,-140,-104,-97,-89,-111,-113,-145,-100,-145,-139,-152,-147,-316,-307,-312,-308,-308,-299,-299,-298,-331,-345,-506,-546,-528,-525,-526,-558,-915,-875,-876,-877,-872,-822]} 1. c4 e6 2. g3 Nf6 3. Bg2 d5 4. Nf3 dxc4 5. Qa4+ Nbd7 6. Qxc4 c5 7. Qc2 Be7 8. O-O O-O 9. d4 Nd5 10. a3 {E08: Closed Catalan: Main Line: 7 Qc2} (10. Nc3 Nb4 11. Qd1 Nb6 12. dxc5 Bxc5 13. a3 Nc6 14. Qc2 Bd7 15. Rd1 Rc8 16. Bf4 f6 17. Ne4 Be7 18. Nd6 Bxd6 19. Bxd6 {1-0 (66) Naroditsky,D (2559)-Cori Tello,D (2414) Montcada 2014}) 10... cxd4 11. Nxd4 Qb6 12. e4 $146 {White is slightly better.} ({Predecessor:} 12. Nf5 exf5 13. Bxd5 Nf6 14. Bg2 Be6 15. Be3 Qa6 16. Qc7 Bd8 17. Qxb7 Qxb7 18. Bxb7 {1-0 (45) Mueller,R (2268)-Goeltzer,O (1912) Germany 2011}) 12... N5f6 13. Nb3 Nc5 14. Nxc5 Bxc5 15. Nc3 Bd4 16. Ne2 Be5 $1 17. Rb1 Bd7 18. Be3 Qa6 19. Nc3 Rac8 {Hoping for ...Bb5.} 20. Rfc1 Ng4 21. Bd2 Bd4 22. Be1 $1 Ne5 23. Qd1 Qd6 {[#]} 24. Nd5 $1 {[%mdl 512] And now Bb4 would win.} Nc6 (24... exd5 25. Qxd4) 25. Ne3 Rfd8 26. Qe2 Ne5 27. Ng4 (27. Ba5 $11) 27... Nxg4 28. Qxg4 {[#]} e5 (28... Rxc1 $1 $17 29. Rxc1 Bxb2) 29. Qe2 Qh6 30. Bd2 Qb6 31. Qe1 (31. Bc3 $15) 31... Rxc1 $17 ({Not} 31... Bxb2 32. Rxc8 Rxc8 33. Be3 $16) 32. Bxc1 Be6 33. Bf1 Ba2 34. Ra1 Bb3 $36 {[%mdl 2048] Black is really pushing.} 35. a4 Bc2 36. a5 Qc6 37. Bg2 h6 38. h4 Qf6 39. Ra3 $2 {[#]} (39. Qe2 $17 Bxf2+ {[%mdl 64] Deflection} 40. Qxf2 Rd1+ 41. Bf1) 39... Bxb2 $1 $19 {[%mdl 512]} 40. Bxb2 {Black must now prevent Qe2.} Rd1 41. Qxd1 Bxd1 42. Rd3 Ba4 43. Rd5 Bc6 44. Bxe5 (44. Rd3 $142) 44... Qe7 {Black is clearly winning.} 45. Bd6 Qd8 46. Rd4 Qxa5 {...Qa1+ is the strong threat.} 47. Bf1 Qa1 48. Be5 Kh7 {aiming for ...Bb5.} 49. Rd5 Qe1 {Accuracy: White = 33%, Black = 76%.} 0-1

[Event "18th IRI-chT Super League 2019"]
[Site "Tehran"]
[Date "2019.11.27"]
[Round "7.3"]
[White "Pour Agha Bala, Amirreza"]
[Black "Khazaei, Parviz"]
[Result "0-1"]
[WhiteElo "2420"]
[BlackElo "1941"]
[Annotator "TA"]
[PlyCount "83"]
[EventDate "2019.11.23"]
[EventType "team-tourn"]
[EventCountry "IRI"]
[SourceTitle "playchess.com"]
[Source "ChessBase"]
[SourceQuality "1"]

{[%evp 13,83,0,7,-13,2,10,17,10,24,0,26,11,19,10,20,12,11,0,30,6,6,0,0,0,-10,0,0,0,0,0,0,0,0,0,0,0,0,0,60,64,76,67,85,75,107,93,72,63,93,61,95,62,120,31,88,81,138,139,150,136,137,131,309,288,362,348,29992,29993,29993,29994,29998,29999]} 1. e4 c6 2. d3 d5 3. Nd2 e5 4. Ngf3 Bd6 5. d4 exd4 6. exd5 cxd5 7. Nxd4 Nc6 8. N2b3 {B10: Caro-Kann: 2 d3 and 2 c4} (8. N2f3 Nf6 9. Be2 O-O 10. O-O h6 11. c3 Re8 12. h3 Bc7 13. Re1 a6 14. Bd3 Rxe1+ 15. Qxe1 Qd6 {0-1 (30) Andriasian,Z (2591)-Vidit,S (2718) chess.com INT 2018}) 8... Nge7 9. Be2 h6 10. O-O {The position is equal.} O-O 11. Be3 a6 12. c3 Qc7 13. h3 Bd7 $146 ({Predecessor:} 13... Ne5 14. Bf4 N7g6 15. Bg3 Bd7 {1-0 (39) Morgunov,M (2182)-Pingitzer,H (2312) Austria 2018}) 14. Qc2 Rae8 15. Nxc6 Qxc6 (15... bxc6 {with more complications.} 16. Bc5 Ng6 17. Rfe1 Nf4 18. Bxa6 Rxe1+ 19. Rxe1 Ra8) 16. Bd3 Qc8 17. Rae1 Nf5 18. Bxf5 Bxf5 19. Qd2 $1 Bxh3 20. gxh3 Qxh3 {[%csl Gd6][%cal Rh3h2]} 21. Bf4 Rxe1 22. Rxe1 Qg4+ 23. Bg3 $1 Bxg3 24. fxg3 Qxg3+ 25. Kf1 Rd8 (25... Qf3+ $11 26. Qf2 Qh1+ 27. Ke2 Re8+ 28. Kd2 Rxe1 29. Qxe1 Qh2+ 30. Kc1 g5) 26. Re3 $14 Qg5 27. Nd4 Qh5 28. Ke1 Rd6 29. Qd3 {[%cal Re3e8]} g6 30. Kd2 Rf6 31. Re2 Qh1 32. Kc2 h5 (32... Qf1 $14) 33. Qd2 (33. Qg3 $16) 33... Kg7 {[#]} ({Black should play} 33... Qg1 $14) 34. Qg5 $1 $36 {[%mdl 2048] White is on the roll.} h4 (34... b5 $142) 35. Kb3 Qd1+ 36. Ka3 b5 {[%csl Gb5][%cal Rd1a4]} 37. b3 a5 $2 {[#]} (37... Qh1 $16 {might work better.} 38. Kb2 Qh3) 38. Rh2 $1 $18 {[%cal Rh2h4]} Qe1 {And now ...Qe7+ would win.} 39. Rxh4 {Intending Qh6+ and mate.} Qe7+ $2 (39... b4+ $18 40. Ka4 Qe8+ 41. Nb5 Rf2 42. Qh6+ Kf6 43. Rf4+ (43. Kxa5 Rxa2+ 44. Kb6 Qe6+ 45. Kc5 Qe7+ 46. Kb6 Qe6+ 47. Kc5 Qe7+ 48. Kxd5 Qe5+ 49. Kc4 Qe2+ 50. Kxb4 Qe7+ 51. Kc4 Qe6+ 52. Kc5 Qe7+ 53. Kd5 Qe5+ 54. Kc4 Qe2+ 55. Kc5 Qe7+ 56. Kd4 Qe5+ 57. Kc4 Qe6+ 58. Kd4 Qe5+ 59. Kc4 $11) 43... Rxf4 44. Qxf4+ {[%mdl 64] Double Attack} Kg7 45. Qd4+ Kg8 46. Kxa5 bxc3 47. Nxc3 Qd8+ 48. Ka4 Qa8+ 49. Kb5 Qb8+ 50. Kc5 Qf8+ 51. Kxd5 Qd8+ 52. Kc4 Qc7+ 53. Kb4 Qe7+ 54. Ka5 Qc7+ 55. Ka4 Qc6+ 56. Kb4 Qb7+ 57. Nb5 Qe7+ 58. Nd6 Qe1+ 59. Ka4 Qe6) 40. b4 {White mates.} axb4+ {[#]} 41. Kb3 $1 Kf8 42. Rh8+ {[%mdl 32768] Accuracy: White = 57%, Black = 35%. . Loss on time!?} 0-1

[Event "18th IRI-chT Super League 2019"]
[Site "Tehran"]
[Date "2019.11.27"]
[Round "7.4"]
[White "Razavi, Seyyed Amirreza"]
[Black "Golizadeh, Asghar"]
[Result "0-1"]
[WhiteElo "2018"]
[BlackElo "2457"]
[Annotator "TA"]
[PlyCount "52"]
[EventDate "2019.11.23"]
[EventType "team-tourn"]
[EventCountry "IRI"]
[SourceTitle "playchess.com"]
[Source "ChessBase"]
[SourceQuality "1"]

{[%evp 15,142,13,20,8,8,-66,-60,-66,-66,-54,-64,-52,-66,-58,-51,-46,-45,-60,-63,-59,-53,-43,-44,-36,-44,-50,-47,-50,-67,-52,-62,-170,-175,-183,-164,-183,-147,-162,-123,-175,-74,-76,-87,-63,-89,-116,-97,-105,-61,-109,-105,-106,-105,-102,-49,-55,-55,-71,-69,-79,-61,-61,-54,-60,-49,-116,-106,-100,-71,-64,-82,-91,0,0,0,0,0,0,0,0,0,-135,-83,-104,-135,-320,-375,-378,-326,-265,-280,-229,-115,-265,-362,-1470,-1443,-1381,-1087,-1058,-813,-2357,-2204,-2427,-2364,-2251,-2325,-2384,-2210,-29947,-29951,-29969,-29969,-29961,-29962,-29973,-29974,-29977,-29978,-29978,-29978,-29979,-29971,-29968,-29972,-29958,-12828,-29986,-29987]} 1. Nf3 c5 2. c4 Nc6 3. g3 g6 4. Bg2 Bg7 5. Nc3 d6 6. O-O e6 7. e3 Nge7 8. d4 O-O 9. dxc5 {A37: Symmetrical English vs ...g6: 4 Bg2 Bg7 5 Nf3} (9. Re1 Rb8 10. b3 e5 11. dxe5 dxe5 12. Ba3 Qa5 13. Qc1 e4 14. Nxe4 f5 15. Bb2 fxe4 16. Ng5 Ne5 17. Bxe4 {0-1 (27) Yu,Y (2739)-Jones,G (2702) Hengshui 2019}) 9... dxc5 10. Qxd8 (10. Qe2 $11) 10... Rxd8 $15 11. Rd1 {Black is slightly better.} Rxd1+ 12. Nxd1 b6 13. Bd2 Ba6 14. Bf1 $146 ({Predecessor:} 14. Rc1 Rd8 15. b3 Nb4 16. a3 Nd3 {0-1 (50) Gavarrete,N (2349)-Garriga Cazorla,P (2495) Linares 2019}) 14... Rd8 15. Bc3 e5 16. a3 f5 17. b4 e4 18. Bxg7 Kxg7 19. Ng5 Bc8 $1 20. bxc5 bxc5 21. Nc3 h6 $36 {[%mdl 2048] Black is more active.} 22. Nh3 $1 g5 23. Kh1 ({Better is} 23. Na4 $15) 23... Ne5 $19 24. Na4 Rd2 25. Nxc5 N7c6 26. Kg2 Ng4 {Played: Rd2-c2} 0-1

[Event "18th IRI-chT Super League 2019"]
[Site "Tehran"]
[Date "2019.11.27"]
[Round "7.5"]
[White "Mahdian, Anousha"]
[Black "Hamedi Nia, Vesal"]
[Result "1-0"]
[WhiteElo "2187"]
[BlackElo "2081"]
[Annotator "TA"]
[PlyCount "67"]
[EventDate "2019.11.23"]
[EventType "team-tourn"]
[EventCountry "IRI"]
[SourceTitle "playchess.com"]
[Source "ChessBase"]
[SourceQuality "1"]

{[%evp 17,67,56,57,60,71,71,77,85,78,71,91,91,115,111,133,149,146,118,133,128,155,141,177,173,173,172,245,209,319,328,362,355,370,388,393,385,381,379,438,423,433,440,619,486,469,477,460,433,702,686,789,791]} 1. c4 e6 2. Nf3 b6 3. g3 Bb7 4. Bg2 Nf6 5. O-O Be7 6. Nc3 O-O 7. d4 d6 8. Re1 Nbd7 9. e4 e5 10. Nd5 {E18: Queen's Indian: Old Main Line (4 g3 Bb7 5 Bg2 Be7 6 0-0 0-0 7 Nc3)} (10. b3 Re8 11. Bb2 c6 12. Qc2 Qc7 13. Rad1 a6 14. c5 dxc5 15. dxe5 Ng4 16. Na4 b5 17. Rxd7 Qxd7 {1-0 (35) Jianu,V (2523)-Ileana,G (2344) Arad 2019}) 10... Nxd5 11. cxd5 exd4 $146 ({Predecessor:} 11... Bf6 12. dxe5 dxe5 13. b4 Be7 14. a3 f6 15. Nh4 Bc8 16. Nf5 Nb8 17. d6 cxd6 {1-0 (27) Cajka,T (1932)-Curidlo,J (1938) Slovakia 2010}) 12. Nxd4 {White is better.} Bf6 13. b3 Re8 14. Bb2 a5 15. a3 {[%cal Ba2a3,Ba3b4][%mdl 32]} Nb8 {[%cal Bd7b8,Bb8a6,Ba6c5][%mdl 32]} 16. Rc1 Qd7 17. Rc2 Na6 18. Qd2 Nc5 {[#]} 19. b4 $1 {[%cal Rb4c5]} axb4 20. axb4 Na4 21. Ba1 b5 (21... Bxd4 $142 22. Bxd4 h6) 22. Bf1 Ba6 (22... Bxd4 {might work better.} 23. Bxd4 h6) 23. Qc1 $18 Rec8 24. Nf5 {[#] And now Bxf6 would win.} Bxa1 25. Qxa1 {[%csl Gf5][%cal Ra1g7]} f6 26. Bh3 {Threatens to win with Nh6+!} Kh8 27. Kg2 Re8 28. Nd4 {White is clearly winning.} Qf7 29. Be6 Qh5 (29... Qe7 $142 30. Qc1 c5) 30. Qd1 Qxd1 31. Rxd1 Nb6 32. Rxc7 Nc4 (32... g6 $142 33. Ra1 Red8) 33. Ra1 Ne5 34. f4 {Played: Nd4-f5} 1-0

[Event "18th IRI-chT Super League 2019"]
[Site "Tehran"]
[Date "2019.11.27"]
[Round "7.6"]
[White "Babaniya, Benyamin"]
[Black "Maghsoodloo, Parham"]
[Result "0-1"]
[WhiteElo "2193"]
[BlackElo "2684"]
[Annotator "TA"]
[PlyCount "104"]
[EventDate "2019.11.23"]
[EventType "team-tourn"]
[EventCountry "IRI"]
[SourceTitle "playchess.com"]
[Source "ChessBase"]
[SourceQuality "1"]

{[%evp 12,104,35,33,52,30,30,31,41,31,37,32,37,9,16,11,9,-12,0,0,0,0,-3,4,0,-22,-19,-28,-11,-33,-35,-30,-29,-38,-31,-56,-60,-97,-50,-55,-45,-46,-51,-46,-52,-52,-44,-44,-45,-63,-61,-70,-64,-70,-48,-50,-53,-109,-112,-118,-116,-144,-127,-121,-120,-131,-131,-125,-114,-169,-169,-169,-165,-173,-165,-197,-198,-268,-254,-254,-254,-254,-252,-254,-254,-478,-475,-508,-512,-716,-402,-386,-379,-607,-604]} 1. Nc3 c5 2. e4 e6 3. Nge2 Nc6 4. d4 cxd4 5. Nxd4 d6 6. g3 a6 7. Bg2 Nge7 {B46: Sicilian: Taimanov: 5 Nc3 a6} (7... Bd7 8. O-O Nf6 9. Nce2 b5 10. a4 b4 11. b3 Rc8 12. Re1 Be7 13. Nxc6 Bxc6 14. Nd4 Ba8 15. Qd3 Qa5 16. Bb2 O-O 17. e5 dxe5 18. Bxa8 Rxa8 {0-1 (68) Aronian,L (2765)-Alekseev,E (2639) St Petersburg 2018}) 8. O-O Nxd4 9. Qxd4 Nc6 {White is slightly better.} 10. Qe3 Be7 11. Rd1 O-O 12. Ne2 $146 ({Predecessor:} 12. b3 b5 13. Bb2 Rb8 14. h3 Qb6 15. Qxb6 Rxb6 16. Rd2 {½-½ (23) Puc,S (2365)-Orel,O Maribor 1978}) 12... Qc7 13. Bd2 b5 14. a4 {Black must now prevent axb5.} Rb8 15. axb5 axb5 16. f4 Rd8 17. Qf2 Bf6 18. Bc3 e5 19. b3 Bb7 20. g4 Be7 21. Kh1 h6 22. Rf1 Rf8 23. Qg3 b4 24. Bb2 exf4 25. Nxf4 Ne5 26. Bxe5 dxe5 27. Nd5 Bxd5 28. exd5 Qxc2 29. Rac1 Qb2 30. Rb1 Qc3 31. Rfc1 Qxg3 32. hxg3 Bd6 33. Rc6 Rfd8 34. Be4 (34. Ra1 $15) 34... Ra8 $17 35. Rbc1 Kf8 36. Rb6 Ke7 37. Bf5 Ra7 38. Kg2 g6 39. Bd3 Ra5 40. Bb5 (40. Kf3 $17) 40... Rb8 $19 41. Rxb8 Bxb8 {[%mdl 4096] Endgame KRB-KRB} 42. Bc4 Ra2+ 43. Kh3 e4 44. Rf1 (44. d6+ $142 Bxd6 45. Re1) 44... Bd6 45. Re1 f5 46. Re2 Ra1 47. Kg2 h5 48. gxh5 $2 {[#]} (48. g5 {was the only defense.}) 48... gxh5 49. Rf2 Kf6 50. Be2 Kg5 51. Bb5 Rd1 52. Bc4 $2 {[#]} (52. Rc2) 52... Rc1 {Accuracy: White = 47%, Black = 75%.} 0-1

[Event "18th IRI-chT Super League 2019"]
[Site "Tehran"]
[Date "2019.11.27"]
[Round "7.7"]
[White "Ghaem Maghami, Ehsan"]
[Black "Mehry, Mahyaar"]
[Result "1-0"]
[WhiteElo "2552"]
[BlackElo "2001"]
[Annotator "TA"]
[PlyCount "69"]
[EventDate "2019.11.23"]
[EventType "team-tourn"]
[EventCountry "IRI"]
[SourceTitle "playchess.com"]
[Source "ChessBase"]
[SourceQuality "1"]

{[%evp 9,69,27,28,25,30,31,35,28,31,23,31,0,0,0,0,0,21,24,24,10,33,0,0,-17,50,41,36,26,104,104,99,101,97,97,139,139,146,115,115,115,116,119,139,98,101,103,119,115,169,178,160,139,172,187,166,119,390,374,370,358,406,419]} 1. c4 e6 2. Nf3 d5 3. d4 a6 4. cxd5 exd5 5. Nc3 Nf6 6. Bg5 {D37: Queen's Gambit Declined: 5 Bf4} Be6 7. e3 Bd6 (7... Nbd7 8. Bd3 c6 9. Qb3 Qb6 10. Qxb6 Nxb6 11. Bxf6 gxf6 12. Nh4 a5 13. O-O-O Bb4 {1-0 (40) So,W (2767)-Demchenko,A (2655) Khanty-Mansiysk 2019}) 8. Bd3 {White is slightly better.} Nbd7 9. Qc2 c6 10. O-O Qc7 11. Ne2 Bg4 12. Kh1 $146 ({Predecessor:} 12. Ng3 h6 13. Bxf6 Nxf6 {½-½ (34) Sturua,Z (2555)-Lupulescu,C (2631) Minsk 2017}) 12... Bh5 13. Nh4 Bxe2 ({But not} 13... Bxh2 $6 14. g3 $16) 14. Qxe2 h6 15. Bxf6 Nxf6 16. Qf3 O-O-O ({Better is} 16... h5 $11) 17. b4 $14 Bxb4 18. Rab1 Ba5 (18... a5 $11) 19. Qh3+ Kb8 20. Bxa6 $1 b6 21. Bd3 Ne8 22. Rfc1 Nd6 23. Qg4 g5 24. Nf5 Nxf5 25. Qxf5 Kb7 26. Be2 Rd6 27. Qd3 {[#] And now Qa6+ would win.} Ra8 28. h3 Rf6 (28... Qc8 $16) 29. Kg1 Qe7 30. Rc2 Qd7 31. Bg4 $36 {[%mdl 2048] White is on the roll.} Qe8 32. Qb3 Qe7 $2 {[%mdl 8192]} (32... Ra7 $16 33. Rbc1 Ka8) 33. Rc5 $18 {Strongly threatening Rxa5!White is winning.} Qc7 34. Rbc1 Ka7 {[#]} 35. Rxd5 $1 {[%mdl 576] Pin. Accuracy: White = 71%, Black = 43%.} 1-0